[Event "POL-ch U16 Girls"]
[Site "Murzasichle"]
[Date "2011.03.09"]
[Round "6"]
[White "Chlopek, Katarzyna"]
[Black "Szeglowska, Karolina"]
[Result "0-1"]
[WhiteElo "1476"]
[BlackElo "1488"]
[PlyCount "86"]
[EventDate "2011.03.05"]
[EventType "swiss"]
[EventRounds "9"]
[EventCountry "POL"]
[SourceTitle "EXT 2013"]
[Source "ChessBase"]
[SourceDate "2012.11.22"]
[SourceVersion "1"]
[SourceVersionDate "2012.11.22"]
[SourceQuality "1"]

1. e4 c5 2. Nc3 Nc6 3. Bc4 Nf6 4. d3 g6 5. f4 e6 6. Nf3 a6 7. a4 d5 8. Bb3 dxe4 9. dxe4 Qxd1+ 10. Kxd1 Bg7 11. Ke2 Nd4+ 12. Kd3 Nxb3 13. cxb3 0-0 14. h3 b6 15. g4 Bb7 16. Ke3 h6 17. Rd1 Rfd8 18. Bd2 Rd7 19. Be1 Rad8 20. Rxd7 Rxd7 21. e5 Nd5+ 22. Nxd5 Bxd5 23. Rd1 Rc7 24. Rd3 c4 25. Rc3 Bf8 26. Nd2 b5 27. axb5 axb5 28. bxc4 bxc4 29. Nb1 Bc5+ 30. Ke2 Bd4 31. Rc2 Be4 32. Rd2 Bd3+ 33. Kf3 Bxe5 34. fxe5 Bxb1 35. Rd8+ Kg7 36. Bc3 Rc5 37. h4 Rd5 38. Rd6 Rd3+ 39. Rxd3 cxd3 40. b4 Kf8 41. Bd2 Ke8 42. Bxh6 Kd7 43. Kf4 d2 0-1

[Event "POL-ch U16 Girls"]
[Site "Murzasichle"]
[Date "2011.03.07"]
[Round "4"]
[White "Chlopek, Katarzyna"]
[Black "Zezulkin, Alina"]
[Result "1-0"]
[WhiteElo "1476"]
[BlackElo "1600"]
[PlyCount "80"]
[EventDate "2011.03.05"]
[EventType "swiss"]
[EventRounds "9"]
[EventCountry "POL"]
[SourceTitle "EXT 2013"]
[Source "ChessBase"]
[SourceDate "2012.11.22"]
[SourceVersion "1"]
[SourceVersionDate "2012.11.22"]
[SourceQuality "1"]

1. f4 d5 2. Nf3 c5 3. e3 Nc6 4. Bb5 Bd7 5. Bxc6 Bxc6 6. b3 Nf6 7. Bb2 e6 8. 0-0 b6 9. d3 Bd6 10. Nbd2 0-0 11. Qe1 Nd7 12. Ne5 Nxe5 13. fxe5 Be7 14. Nf3 Rc8 15. d4 Bb5 16. Rf2 c4 17. c3 a5 18. Rb1 Ba6 19. b4 axb4 20. cxb4 Qc7 21. Rc1 Bb5 22. a3 Qd7 23. e4 Bc6 24. exd5 Bxd5 25. Bc3 Ra8 26. Ra2 Ra7 27. Qd1 Rfa8 28. Rca1 b5 29. Qc1 Bd8 30. Rf2 Bxf3 31. Rxf3 Bb6 32. Qb2 Ra6 33. Qd2 Rxa3 34. Rxa3 Rxa3 35. Rf4 Qa7 36. h3 Ra2 37. Qe3 Bd8 38. Qf3 Qc7 39. d5 exd5 40. Qxd5 Bg5 1-0

[Event "POL-ch U14 Girls"]
[Site "Sekocin Stary"]
[Date "2010.05.05"]
[Round "8"]
[White "Chlopek, Katarzyna"]
[Black "Zyla, Agata"]
[Result "0-1"]
[WhiteElo "1497"]
[BlackElo "1565"]
[PlyCount "40"]
[EventDate "2010.05.01"]
[EventType "swiss"]
[EventRounds "10"]
[EventCountry "POL"]
[SourceTitle "EXT 2011"]
[Source "ChessBase"]
[SourceDate "2010.11.26"]
[SourceVersion "1"]
[SourceVersionDate "2010.11.26"]
[SourceQuality "1"]

1. e4 e5 2. Nc3 Nf6 3. Bc4 Nxe4 4. Qh5 Nd6 5. Bb3 Be7 6. Qxe5 0-0 7. Nf3 Nc6 8. Qh5 g6 9. Qh3 Nf5 10. g4 Nfd4 11. Nxd4 Nxd4 12. d3 Bb4 13. Bd2 Re8+ 14. Kd1 d6 15. Qg2 Bd7 16. Re1 Qf6 17. f4 Rxe1+ 18. Bxe1 Qxf4 19. Nd5 Bxg4+ 20. Qxg4 Qxg4+ 0-1

[Event "POL-ch U14 Girls"]
[Site "Sekocin Stary"]
[Date "2010.05.04"]
[Round "6"]
[White "Jarmuzek, Karolina"]
[Black "Chlopek, Katarzyna"]
[Result "1/2-1/2"]
[WhiteElo "1504"]
[BlackElo "1497"]
[PlyCount "100"]
[EventDate "2010.05.01"]
[EventType "swiss"]
[EventRounds "10"]
[EventCountry "POL"]
[SourceTitle "EXT 2011"]
[Source "ChessBase"]
[SourceDate "2010.11.26"]
[SourceVersion "1"]
[SourceVersionDate "2010.11.26"]
[SourceQuality "1"]

1. e4 c5 2. Nf3 Nc6 3. d4 cxd4 4. Nxd4 Nf6 5. Nc3 d6 6. Bg5 Qb6 7. Nb3 Be6 8. Be2 g6 9. Bxf6 exf6 10. Nd5 Bxd5 11. Qxd5 Be7 12. 0-0 0-0 13. a3 Rac8 14. Kh1 Rfe8 15. Bg4 Rc7 16. f4 Bf8 17. Rae1 Ne7 18. Qd3 Rd8 19. Re2 Nc6 20. Qe3 Qxe3 21. Rxe3 d5 22. exd5 Rxd5 23. f5 Ne5 24. Bf3 Nxf3 25. Rexf3 Rxf5 26. Rxf5 gxf5 27. c3 Rd7 28. h3 Re7 29. Nd4 a6 30. Rxf5 Kg7 31. a4 Re5 32. g4 Kg6 33. Kg2 Bc5 34. Rf2 b5 35. axb5 axb5 36. Rd2 b4 37. Nc6 Re4 38. cxb4 Bxb4 39. Rd4 Rxd4 40. Nxd4 h5 41. gxh5+ Kxh5 42. Nf3 Bd6 43. b3 f5 44. Nd4 Kg5 45. Kf3 Be5 46. Nc6 Bd6 47. Nd8 Kg6 48. Nc6 Kh5 49. Nd4 Kg6 50. Nc2 Kh5 1/2-1/2

[Event "POL-ch U14 Girls"]
[Site "Sekocin Stary"]
[Date "2010.05.01"]
[Round "1"]
[White "Chlopek, Katarzyna"]
[Black "Rykala, Monika"]
[Result "0-1"]
[WhiteElo "1497"]
[BlackElo "1717"]
[PlyCount "82"]
[EventDate "2010.05.01"]
[EventType "swiss"]
[EventRounds "10"]
[EventCountry "POL"]
[SourceTitle "EXT 2011"]
[Source "ChessBase"]
[SourceDate "2010.11.26"]
[SourceVersion "1"]
[SourceVersionDate "2010.11.26"]
[SourceQuality "1"]

1. e4 c5 2. Nf3 d6 3. d4 cxd4 4. Nxd4 Nf6 5. Nc3 a6 6. a4 b6 7. Bd3 e6 8. 0-0 Be7 9. Kh1 Qc7 10. f4 Nbd7 11. Qe1 Bb7 12. Qe2 Nc5 13. Bd2 d5 14. e5 Nfe4 15. Bxe4 Nxe4 16. Qd3 Rc8 17. Nxe4 dxe4 18. Qe2 0-0 19. c3 Bd5 20. Rfd1 Rfd8 21. b3 Bc5 22. Rab1 Qb7 23. Be3 Bxd4 24. Bxd4 b5 25. axb5 axb5 26. Rdc1 e3 27. Bxe3 Be4 28. Ra1 Rd3 29. Bd4 b4 30. Ra7 Qc6 31. Qf2 bxc3 32. Ra2 h6 33. Be3 Qd5 34. Raa1 Qxb3 35. h3 c2 36. Qe2 Rxe3 37. Qd2 Qd3 38. Qf2 Re2 39. Qxe2 Qxe2 40. Rg1 c1R 41. Raxc1 Rxc1 0-1